000 00252nam a2200121Ia 4500
100 _aPAI/ ANANT
650 _aGeneral
942 _cBK
245 _aHOW TO DEVELOP SUPER MEMORY
260 _bUbspd
_aNew Delhi
_c1998
300 _a93
546 _aENGLISH
999 _c19990
_d19990